Aktuárstvo v režime Solventnosť II s riešenými príkladmi v jazyku R
Salvato in:
| Autore principale: | |
|---|---|
| Ente Autore: | |
| Altri autori: | , , |
| Natura: | Libro |
| Lingua: | slovacco |
| Pubblicazione: |
Bratislava
Vydavateľstvo EKONÓM
2016
|
| Edizione: | 1. vyd. |
| Soggetti: | |
| Tags: |
Nessun Tag, puoi essere il primo ad aggiungerne!!
|
MARC
| LEADER | 00000nam a2200000 4500 | ||
|---|---|---|---|
| 001 | 0225921 | ||
| 005 | 20251204133028.6 | ||
| 020 | |a 978-80-225-4288-3 | ||
| 041 | 0 | |a slo | |
| 044 | |a SK | ||
| 245 | 1 | 0 | |a Aktuárstvo v režime Solventnosť II |b s riešenými príkladmi v jazyku R |c Michal Páleš ; recenzenti: Jozef Dúcky, Jozef Fecenko, Petra Chmelová |
| 250 | |a 1. vyd. | ||
| 264 | 1 | |a Bratislava |b Vydavateľstvo EKONÓM |c 2016 | |
| 300 | |a 189 s. [10,6 AH] | ||
| 610 | 2 | 0 | |a vedy aktuárske |
| 610 | 2 | 0 | |a aktuárstvo |
| 610 | 2 | 0 | |a poistenie |
| 610 | 2 | 0 | |a trh poistný |
| 610 | 2 | 0 | |a riziko poistné |
| 610 | 2 | 0 | |a softvér |
| 610 | 2 | 0 | |a štatistika |
| 610 | 2 | 0 | |a riadenie rizík |
| 610 | 2 | 0 | |a modelovanie |
| 610 | 2 | 0 | |a modely aktuárske |
| 610 | 2 | 0 | |a demografia |
| 610 | 2 | 0 | |a analýzy |
| 610 | 2 | 0 | |a poistenie životné |
| 610 | 2 | 0 | |a poistenie neživotné |
| 610 | 2 | 0 | |a zaistenie |
| 100 | 1 | |a Páleš, Michal, 1984- | |
| 700 | 1 | |a Dúcky, Jozef | |
| 700 | 1 | |a Fecenko, Jozef | |
| 700 | 1 | |a Chmelová, Petra | |
| 710 | 2 | |a Ekonomická univerzita v Bratislave. Fakulta hospodárskej informatiky | |